Beat the entrance exam the smart way : (Record no. 38682)
[ view plain ]
| 000 -LEADER | |
|---|---|
| fixed length control field | 00777nam a22002057a 4500 |
| 010 ## - LCCN (DPL NO) | |
| LC control number | ENG-97744 B-422905-908 |
| 020 ## - INTERNATIONAL STANDARD BOOK NUMBER | |
| International Standard Book Number | 9788128824234 |
| Terms of availability | 50.00 |
| 035 ## - SYSTEM CONTROL NUMBER | |
| System control number | EN-81277 B-422905-908 |
| 037 ## - SOURCE OF ACQUISITION | |
| Source of stock number/acquisition | DBAD/PUB |
| 037 ## - SOURCE OF ACQUISITION | |
| Source of stock number/acquisition | K.K.Pub/Ven |
| 082 ## - DEWEY DECIMAL CLASSIFICATION NUMBER | |
| Classification number | 158.1 |
| 100 ## - MAIN ENTRY--PERSONAL NAME | |
| Personal name | Vaid, Sunil |
| 245 ## - TITLE STATEMENT | |
| Title | Beat the entrance exam the smart way : |
| Remainder of title | mcq special / |
| Statement of responsibility, etc | by Sunil Vaid |
| 260 ## - PUBLICATION, DISTRIBUTION, ETC. (IMPRINT) | |
| Place of publication, distribution, etc | New Delhi |
| Name of publisher, distributor, etc | Dimond Pocket Books |
| Date of publication, distribution, etc | 2010 |
| 270 ## - ADDRESS | |
| Address | X-30, Okhla Industrial Area, Phase-II |
| City | New Delhi |
| Postal code | 110020 |
| 300 ## - PHYSICAL DESCRIPTION | |
| Extent | 102p. |
| Dimensions | 21cm (pbk) |
| 650 ## - SUBJECT ADDED ENTRY--TOPICAL TERM | |
| Topical term or geographic name as entry element | Personal improvement and analysis |
| 942 ## - ADDED ENTRY ELEMENTS (KOHA) | |
| Source of classification or shelving scheme | Dewey Decimal Classification |
| Item type | English Books |
| Classification part | 158.1 |
| Call number suffix | VAI |
| Withdrawn status | Lost status | Not for loan | Collection code | Home library | Current library | Date acquired | Source of acquisition | Cost, normal purchase price | Full call number | Barcode | Copy number | Cost, replacement price | Koha item type | Public note |
|---|---|---|---|---|---|---|---|---|---|---|---|---|---|---|
| Written off | Non-fiction | Central Library | Central Library | 01/06/2011 | K.K.Pub/2300/9.3.11/77/4.3.11/15.3.11 | 50.00 | 158.1 VAI | B-422905 | 1 | 50.00 | English Books | W/d list no. 6813/25 | ||
| Not For Loan | Non-fiction | D.B.Act.Division | D.B.Act.Division | 02/08/2010 | DBAD/PUB | 50.00 | 158.1 VAI | EN-81277 | 1 | 50.00 | English Books | |||
| Non-fiction | Patel Nagar | Patel Nagar | 01/06/2011 | K.K.Pub/2300/9.3.11/77/4.3.11/15.3.11 | 50.00 | 158.1 VAI | B-422906 | 1 | 50.00 | English Books | ||||
| Lost and Paid For | Non-fiction | Sarojini Nagar | Sarojini Nagar | 01/06/2011 | K.K.Pub/2300/9.3.11/77/4.3.11/15.3.11 | 50.00 | 158.1 VAI | B-422907 | 1 | 50.00 | English Books | |||
| Written-off vide DLB M. No. 383 dt 16.05.19 | Non-fiction | Shahdara Branch | Shahdara Branch | 01/06/2011 | K.K.Pub/2300/9.3.11/77/4.3.11/15.3.11 | 50.00 | 158.1 VAI | B-422908 | 1 | 50.00 | English Books |
